| 000 | 00787nmc a2200301 a 4500 | ||
|---|---|---|---|
| 003 | AR-BaBNM | ||
| 005 | 20251128211629.0 | ||
| 008 | 145020s2000 ||||||||||||||000 | spa|| | ||
| 020 | _a84-7635-434-7 | ||
| 040 | _cAR-BaBNM | ||
| 100 | 1 | _aGarbi, Teresa | |
| 245 | 1 | 0 | _aUna pequeña historia |
| 260 |
_aMadrid _bArco/Libros _c2000 |
||
| 300 | 0 | _a62 p. | |
| 490 | 0 | _aEspañol/LE. Lecturas graduadas | |
| 504 | _aContiene referencias bibliográficas | ||
| 650 | 4 | _aLITERATURA ESPANOLA | |
| 650 | 4 | _aDIDACTICA | |
| 650 | 4 | _aGRAMATICA | |
| 650 | 4 | _aSINTAXIS | |
| 650 | 4 | _aACTIVIDADES DE APRENDIZAJE | |
| 650 | 4 | _aSEMANTICA | |
| 653 | _aANALISIS DEL DISCURSO | ||
| 700 | 1 |
_aPiedra, Begoña _ecolaborador |
|
| 800 | 1 | _aMoreno, Francisco | |
| 942 | _cBK | ||
| 998 | _cmartin | ||
| 999 |
_c20503 _d20503 |
||